[Event "Petrosian Memorial open 2012 Dimitrovgr"]
[Site " Dimitrovgrad"]
[Date "2012.06.23"]
[Round "4"]
[White "Rusakov, Vladimir"]
[Black "Elkina, Yuliya"]
[Result "1/2-1/2"]
[WhiteElo "2060"]
[BlackElo "1605"]
[PlyCount "132"]

1. g3 d5 2. Bg2 c6 3. d4 Bf5 4. Nf3 h6 5. O-O Nf6 6. b3 e6 7. Bb2 Be7 8. Nbd2
O-O 9. Re1 Nbd7 10. c4 Rc8 11. a3 a5 12. h3 Ne4 13. Nf1 Bh7 14. N3d2 Nxd2 15.
Qxd2 Nf6 16. f3 Qb6 17. b4 axb4 18. c5 Qc7 19. axb4 Ra8 20. e4 Rfd8 21. e5 Nd7
22. f4 Rdb8 23. Ne3 b5 24. Bc3 Qb7 25. Bf3 Rxa1 26. Rxa1 Ra8 27. Qb2 Ra6 28.
Bg4 Qa7 29. Rxa6 Qxa6 30. h4 g6 31. Bd2 Nf8 32. Bh3 Qa4 33. Kf2 Kh8 34. Ke2 Kg7
35. Ng4 h5 36. Nf2 Bd8 37. Nd3 Be7 38. Be1 Bd8 39. Bg2 Be7 40. Bf3 Bg8 41. g4
hxg4 42. Bxg4 Bh7 43. Ke3 Nd7 44. Kd2 Kf8 45. Bd1 Qa6 46. Kc1 Ke8 47. Bc2 Kd8
48. Bg3 Kc7 49. Nf2 Nf8 50. Ng4 Kd7 51. Kb1 Qa7 52. Qc3 Ke8 53. Kb2 Bd8 54. Be1
Qa6 55. Qh3 Qa7 56. Nh2 Qd7 57. Nf3 Qa7 58. Bd2 Qd7 59. h5 Qe7 60. Ng5 Bg8 61.
hxg6 Nxg6 62. Qh6 Qf8 63. Qh3 Bxg5 64. fxg5 Qg7 65. Qa3 Ne7 66. Qa8+ Kd7
1/2-1/2

[Event "Petrosian Memorial open 2012 Dimitrovgr"]
[Site " Dimitrovgrad"]
[Date "2012.06.23"]
[Round "4"]
[White "Alyev, Timur"]
[Black "Bezvitelnov, Dmitriy"]
[Result "1-0"]
[WhiteElo "1747"]
[BlackElo "1796"]
[PlyCount "53"]

1. e4 e5 2. g3 Nc6 3. Bg2 Nf6 4. Nc3 Bc5 5. Nge2 d6 6. Na4 Bb6 7. Nxb6 axb6 8.
O-O Bg4 9. f3 Bh5 10. d3 h6 11. h3 d5 12. exd5 Nxd5 13. g4 Bg6 14. f4 exf4 15.
Nxf4 Nxf4 16. Bxf4 O-O 17. Qd2 Re8 18. a3 Qd4+ 19. Kh1 Re7 20. Rae1 Rxe1 21.
Rxe1 Qxb2 22. Bxc7 Rxa3 23. Bxc6 bxc6 24. Re8+ Kh7 25. Be5 Rxd3 26. Rh8+ Kxh8
27. Qxh6+ 1-0

[Event "Petrosian Memorial open 2012 Dimitrovgr"]
[Site " Dimitrovgrad"]
[Date "2012.06.23"]
[Round "4"]
[White "Lazutin, Valerij"]
[Black "Ishpulaeva, Veronika"]
[Result "1-0"]
[WhiteElo "1975"]
[BlackElo "1623"]
[PlyCount "95"]

1. d4 Nf6 2. c4 e6 3. Nc3 Bb4 4. e3 c5 5. Nf3 Nc6 6. Be2 O-O 7. O-O b6 8. a3
Ba5 9. Rb1 Bxc3 10. bxc3 d5 11. a4 Ne4 12. Qc2 Ba6 13. Re1 f5 14. cxd5 Bxe2 15.
dxc6 Bxf3 16. gxf3 Ng5 17. Kg2 Rf6 18. e4 fxe4 19. f4 Nf3 20. Rxe4 Nh4+ 21. Kf1
Rg6 22. Qe2 Qd5 23. c7 Rc8 24. dxc5 Rxc7 25. c4 Qc6 26. cxb6 axb6 27. Rb5 Rf7
28. Bb2 Rxf4 29. Rbe5 Rgf6 30. Bd4 Ng6 31. Qd3 Nxe5 32. Rxe5 Qh1+ 33. Ke2 Qc6
34. Rb5 Qd6 35. Be3 Qxd3+ 36. Kxd3 R4f5 37. Bxb6 Rf3+ 38. Be3 Rh3 39. a5 Rf8
40. a6 Ra8 41. a7 Rxa7 42. c5 Re7 43. Kd4 Rh5 44. Kc4 Kf7 45. Rb8 Rd5 46. Kb5
Kf6 47. Kb6 Ke5 48. c6 1-0

[Event "Petrosian Memorial open 2012 Dimitrovgr"]
[Site " Dimitrovgrad"]
[Date "2012.06.23"]
[Round "4"]
[White "Abbasov, Orudj"]
[Black "Lebedev, Viktor"]
[Result "1-0"]
[WhiteElo "1717"]
[BlackElo "1719"]
[PlyCount "77"]

1. d4 d5 2. Nf3 f5 3. c4 c6 4. e3 e6 5. Nc3 Nf6 6. Bd2 Bd6 7. c5 Bc7 8. b4 O-O
9. Bd3 Nbd7 10. Ng5 Qe8 11. f4 Ne4 12. Ncxe4 dxe4 13. Bc4 Nf6 14. Qb3 h6 15.
Nxe6 Bxe6 16. Bxe6+ Kh8 17. h3 Qh5 18. g3 Qf3 19. Rg1 Nh5 20. Qd1 Qxd1+ 21.
Kxd1 Rae8 22. Bb3 Nf6 23. Kc2 b6 24. g4 bxc5 25. bxc5 fxg4 26. hxg4 Bxf4 27.
exf4 e3 28. Bc3 Ne4 29. Rae1 Nf2 30. g5 h5 31. Rg2 Kh7 32. g6+ Kh6 33. Bf7 Re4
34. f5 Ng4 35. Bb2 Rf4 36. Bc1 Rxd4 37. Rxg4 Rd2+ 38. Bxd2 exd2 39. Rh1 1-0

[Event "Petrosian Memorial open 2012 Dimitrovgr"]
[Site " Dimitrovgrad"]
[Date "2012.06.23"]
[Round "4"]
[White "Plychek, Viktor"]
[Black "Ulanov, Sergei"]
[Result "1-0"]
[WhiteElo "1823"]
[BlackElo "2118"]
[PlyCount "70"]

1. c4 e5 2. Nc3 Nf6 3. e4 Bc5 4. h3 Nc6 5. a3 d6 6. d3 a6 7. Nf3 h6 8. Be2 Be6
9. b4 Ba7 10. Nd5 Nd4 11. O-O c6 12. Ne3 Qd7 13. Nh2 g5 14. Neg4 Ng8 15. Ne3
Ne7 16. Bg4 O-O-O 17. a4 Ng6 18. b5 Nf4 19. Rb1 Bc5 20. bxa6 bxa6 21. Bb2 Bxg4
22. Nhxg4 h5 23. Nh2 Nde2+ 24. Kh1 Bxe3 25. fxe3 Ng3+ 26. Kg1 Nfe2+ 27. Kf2 g4
28. Qb3 Qa7 29. Rfe1 gxh3 30. gxh3 Rhg8 31. c5 Rd7 32. cxd6 Nf4 33. Bxe5 Nxh3+
34. Kg2 Nxe4+ 35. Kxh3 Nd2 1-0

[Event "Petrosian Memorial open 2012 Dimitrovgr"]
[Site " Dimitrovgrad"]
[Date "2012.06.23"]
[Round "4"]
[White "Hafijtullin, Gazimbek"]
[Black "Skulkin, Nikolay"]
[Result "0-1"]
[WhiteElo "1770"]
[BlackElo "1772"]
[PlyCount "108"]

1. e4 c5 2. Nf3 d6 3. Bc4 Nc6 4. c3 Nf6 5. d3 Bd7 6. h3 e6 7. O-O Be7 8. a4 O-O
9. Nh2 d5 10. exd5 Nxd5 11. Ng4 Bd6 12. Qf3 Nb6 13. Bb3 Rb8 14. Bc2 Ne5 15. Qe2
Qc7 16. Nd2 Nd5 17. Ne4 f5 18. Nxe5 Bxe5 19. Ng5 Rbe8 20. Re1 Bf6 21. Nf3 Kh8
22. Bb3 Nf4 23. Bxf4 Qxf4 24. Qe3 Qd6 25. Bc4 a6 26. Red1 e5 27. a5 f4 28. Qe2
g5 29. Nh2 Bf5 30. Ng4 Bg7 31. Qf3 h5 32. Nh2 Qg6 33. Qxb7 g4 34. hxg4 hxg4 35.
Qxa6 Rf6 36. Qb7 Qh5 37. Kf1 Qxh2 38. Ke2 f3+ 39. Kd2 fxg2 40. Kc2 Bh7 41. Bd5
Rxf2+ 42. Kb3 e4 43. Kc4 exd3 44. Rg1 Qf4+ 45. Kb3 Rxb2+ 46. Kxb2 Qd2+ 47. Ka3
Qxc3+ 48. Qb3 Qxa5+ 49. Qa4 Qxa4+ 50. Kxa4 Bxa1 51. Rxa1 Be4 52. Bxe4 Rxe4+ 53.
Kb3 Re2 54. Kc3 d2 0-1

[Event "Petrosian Memorial open 2012 Dimitrovgr"]
[Site " Dimitrovgrad"]
[Date "2012.06.23"]
[Round "4"]
[White "Guliev, Fahrutdin"]
[Black "Koblik, Ekaterina"]
[Result "1-0"]
[WhiteElo "1783"]
[BlackElo "1508"]
[PlyCount "73"]

1. d4 d5 2. Nf3 Nf6 3. h3 Nc6 4. Bf4 Bf5 5. e3 Nb4 6. Bb5+ c6 7. Ba4 Qa5 8. Nc3
Ne4 9. Bb3 e6 10. O-O Nxc3 11. bxc3 Na6 12. c4 dxc4 13. Bxc4 Nb4 14. Bb3 c5 15.
d5 exd5 16. Bxd5 Rd8 17. c4 Be6 18. e4 b5 19. Qb3 bxc4 20. Qxc4 Nxd5 21. exd5
Bxd5 22. Rfe1+ Be7 23. Qe2 Be6 24. Ng5 Bxg5 25. Bxg5 Rd5 26. Qe4 Rxg5 27. Qc6+
Ke7 28. Qb7+ Ke8 29. Qc6+ Ke7 30. Qb7+ Ke8 31. Qc6+ Ke7 32. Qb7+ Ke8 33. Rad1
Rf8 34. Qb8+ Ke7 35. Qd6+ Ke8 36. Rxe6+ fxe6 37. Qd7# 1-0

[Event "Petrosian Memorial open 2012 Dimitrovgr"]
[Site " Dimitrovgrad"]
[Date "2012.06.23"]
[Round "4"]
[White "Abrashkov, Vadim"]
[Black "Turaev, Rahmon"]
[Result "1-0"]
[WhiteElo "1500"]
[BlackElo "1526"]
[PlyCount "101"]

1. d4 e6 2. c4 b6 3. Nc3 Bb7 4. e4 d6 5. Bd3 Nd7 6. Nge2 g6 7. O-O Nh6 8. f3 f5
9. Ng3 Qf6 10. Nce2 O-O-O 11. Bd2 c5 12. d5 exd5 13. cxd5 Bg7 14. Bc3 Qf7 15.
Qd2 Ne5 16. Bc2 fxe4 17. fxe4 Qe7 18. Nf4 Nhf7 19. Ne6 Rdg8 20. Rf2 Nd8 21.
Nxd8 Kxd8 22. Ne2 Qh4 23. Nf4 Bc8 24. Qe2 Ke7 25. Qb5 Rd8 26. Raf1 Rhf8 27. Bb3
Ng4 28. Nh3 Nxf2 29. Nxf2 Bxc3 30. bxc3 Bg4 31. Qa6 Ra8 32. Qb7+ Bd7 33. Ba4
Rad8 34. Qxa7 Qf6 35. c4 Ke8 36. Bxd7+ Rxd7 37. Qxb6 Qd4 38. Qb5 Rff7 39. a4
Kf8 40. Qb3 Kg7 41. Qc2 Rb7 42. Qd3 Qxd3 43. Nxd3 Rxf1+ 44. Kxf1 Rb3 45. Ke2
Rc3 46. e5 Rxc4 47. exd6 Rxa4 48. Nxc5 Kf7 49. Nxa4 Ke8 50. Kf3 Kd7 51. Kg4 1-0

[Event "Petrosian Memorial open 2012 Dimitrovgr"]
[Site " Dimitrovgrad"]
[Date "2012.06.24"]
[Round "5"]
[White "Yakimkin, Igor"]
[Black "Akimov, Gennadiy"]
[Result "1-0"]
[WhiteElo "2240"]
[BlackElo "1925"]
[PlyCount "37"]

1. e4 e5 2. Nf3 Nc6 3. d4 exd4 4. Nxd4 Bc5 5. Be3 Nxd4 6. Bxd4 Bxd4 7. Qxd4 Nf6
8. e5 Qe7 9. Be2 Ng8 10. Nc3 Nh6 11. Nd5 Qd8 12. e6 O-O 13. e7 Qe8 14. exf8=Q+
Qxf8 15. Nxc7 Rb8 16. O-O-O b6 17. Bf3 Nf5 18. Qe5 d6 19. Qe8 1-0

[Event "Petrosian Memorial open 2012 Dimitrovgr"]
[Site " Dimitrovgrad"]
[Date "2012.06.24"]
[Round "5"]
[White "Lazutin, Valerij"]
[Black "Beldyugin, Alexey"]
[Result "0-1"]
[WhiteElo "1975"]
[BlackElo "2033"]
[PlyCount "106"]

1. d4 d6 2. c4 e5 3. dxe5 dxe5 4. Qxd8+ Kxd8 5. Nf3 f6 6. Nc3 Be6 7. e3 Nd7 8.
Be2 c6 9. Bd2 Kc7 10. O-O a5 11. b3 Ne7 12. Rfc1 Ng6 13. Nd5+ Kd8 14. Nc3 Ba3
15. Rc2 Kc7 16. Bc1 Bb4 17. Bb2 Nc5 18. Kf1 a4 19. Nxa4 Nxa4 20. bxa4 Rxa4 21.
a3 Bc5 22. Rcc1 Rha8 23. Rc3 Ne7 24. Nd2 Nc8 25. Bd1 R4a6 26. Ne4 Be7 27. c5
Bd5 28. Nd2 Ra5 29. Rac1 Na7 30. e4 Be6 31. a4 Rd8 32. Ke2 Nc8 33. Ba3 Rd4 34.
f3 f5 35. exf5 Bg5 36. Rd3 Bxf5 37. Rxd4 exd4 38. Rc4 d3+ 39. Ke1 b5 40. Bb4
Rxa4 41. Bxa4 Bxd2+ 42. Kxd2 bxc4 43. Bc3 g6 44. Be5+ Kd7 45. Bd1 Ke6 46. Bd4
Kd5 47. Kc3 Na7 48. Be3 Nb5+ 49. Kb4 c3 50. Bb3+ Ke5 51. g4 Be6 52. Bc4 Bxc4
53. Kxc4 d2 0-1

[Event "Petrosian Memorial open 2012 Dimitrovgr"]
[Site " Dimitrovgrad"]
[Date "2012.06.24"]
[Round "5"]
[White "Abbasov, Orudj"]
[Black "Alyev, Timur"]
[Result "1-0"]
[WhiteElo "1717"]
[BlackElo "1747"]
[PlyCount "135"]

1. e4 e5 2. Nf3 d6 3. d4 Bg4 4. dxe5 Bxf3 5. Qxf3 dxe5 6. Bc4 Qf6 7. Qb3 b6 8.
Be3 Bd6 9. Nc3 Ne7 10. Qa4+ c6 11. Bxb6 Nd7 12. Be3 O-O 13. O-O-O Nb6 14. Qa6
Rfb8 15. Bb3 Bb4 16. Ne2 c5 17. c3 c4 18. Bc2 Bd6 19. g4 Qe6 20. Ng3 Ng6 21.
Nf5 Bf8 22. h4 Nf4 23. Bxf4 exf4 24. g5 Nc8 25. Qxe6 fxe6 26. Nd4 Rb6 27. b4 a5
28. a3 axb4 29. axb4 Na7 30. Kb2 e5 31. Nf3 Nc6 32. Ra1 Rab8 33. Kc1 Nxb4 34.
cxb4 Bxb4 35. Ra4 Bc3 36. Rxc4 Ra6 37. Rxc3 Ra1+ 38. Kd2 Rxh1 39. Bb3+ Kf8 40.
Nxe5 Rd8+ 41. Ke2 Rxh4 42. Rc7 f3+ 43. Nxf3 Rxe4+ 44. Kf1 Rf4 45. Rc3 h6 46.
Ne5 Rd6 47. g6 Rf5 48. Re3 h5 49. Ba4 Re6 50. Nc4 Rxe3 51. Nxe3 Rg5 52. Bc2 h4
53. Nf5 Rg4 54. f3 Rc4 55. Be4 h3 56. Kg1 Rc1+ 57. Kh2 Ra1 58. Kxh3 Ra6 59. Ne3
Ke7 60. Nd5+ Kd6 61. Kg4 Ke5 62. Nf4 Ra7 63. Nh5 Rc7 64. Bf5 Re7 65. f4+ Kd6
66. Kg5 Kd5 67. Bc8 Re8 68. Bb7+ 1-0

[Event "Petrosian Memorial open 2012 Dimitrovgr"]
[Site " Dimitrovgrad"]
[Date "2012.06.24"]
[Round "5"]
[White "Elkina, Yuliya"]
[Black "Plychek, Viktor"]
[Result "1/2-1/2"]
[WhiteElo "1605"]
[BlackElo "1823"]
[PlyCount "59"]

1. Nf3 Nf6 2. b3 g6 3. Bb2 Bg7 4. e3 c5 5. Be2 b6 6. c4 O-O 7. O-O e6 8. d4 Bb7
9. Nbd2 d5 10. Ne5 Nbd7 11. Ndf3 Rc8 12. Rc1 Ne4 13. Nxd7 Qxd7 14. Nd2 f5 15.
Nxe4 fxe4 16. cxd5 Bxd5 17. Qd2 Rf7 18. dxc5 Bxb2 19. Qxb2 bxc5 20. Rfd1 Rcf8
21. Bc4 Rxf2 22. Qxf2 Rxf2 23. Kxf2 Qd6 24. h3 a5 25. Rc2 Qf8+ 26. Ke2 Qd6 27.
Bxd5 exd5 28. Rcd2 Qg3 29. Rg1 Qe5 30. Rgd1 1/2-1/2

[Event "Petrosian Memorial open 2012 Dimitrovgr"]
[Site " Dimitrovgrad"]
[Date "2012.06.24"]
[Round "5"]
[White "Skulkin, Nikolay"]
[Black "Rusakov, Vladimir"]
[Result "1-0"]
[WhiteElo "1772"]
[BlackElo "2060"]
[PlyCount "99"]

1. e4 c5 2. Nf3 a6 3. d4 cxd4 4. Nxd4 Nf6 5. Nc3 e5 6. Nf3 Bb4 7. Bd3 Bxc3+ 8.
bxc3 Nc6 9. a4 O-O 10. Bg5 h6 11. Bh4 d6 12. h3 Be6 13. Qd2 d5 14. Qe3 Qa5 15.
Bxf6 Qxc3+ 16. Ke2 gxf6 17. exd5 e4 18. Bxe4 Qxe3+ 19. fxe3 f5 20. dxe6 fxe4
21. exf7+ Rxf7 22. Nd4 Nb4 23. Rhf1 Rc8 24. Rxf7 Kxf7 25. Rf1+ Kg6 26. Kd2 Nd5
27. Rf5 Nb6 28. a5 Nc4+ 29. Ke2 Na3 30. Re5 Nxc2 31. Rxe4 Nxd4+ 32. exd4 Rc2+
33. Kf3 Kf6 34. g4 Ra2 35. Re5 Ra3+ 36. Kf4 Rxh3 37. Rh5 Ra3 38. Rxh6+ Kg7 39.
Rh5 Kf6 40. Rc5 Ra4 41. Ke4 Ke6 42. g5 Ra1 43. Re5+ Kd6 44. Kf5 Rf1+ 45. Kg6
Rf4 46. Rf5 Rxd4 47. Kf7 Re4 48. g6 Re7+ 49. Kf8 Ke6 50. Rf7 1-0

[Event "Petrosian Memorial open 2012 Dimitrovgr"]
[Site " Dimitrovgrad"]
[Date "2012.06.24"]
[Round "5"]
[White "Bezvitelnov, Dmitriy"]
[Black "Guliev, Fahrutdin"]
[Result "1-0"]
[WhiteElo "1796"]
[BlackElo "1783"]
[PlyCount "66"]

1. d4 d5 2. c4 Bf5 3. Nc3 e6 4. Nf3 h6 5. cxd5 exd5 6. Qb3 Qc8 7. Qxd5 Nf6 8.
Qe5+ Be7 9. e4 Bg4 10. h3 Nbd7 11. Qg3 Bxf3 12. Qxf3 c6 13. Bd3 c5 14. d5 Ne5
15. Qe2 Nxd3+ 16. Qxd3 O-O 17. O-O Rd8 18. e5 Nh7 19. Qg3 Kh8 20. d6 Bf8 21.
Be3 b6 22. Rad1 Qf5 23. Qf4 Qe6 24. Qg4 Qxe5 25. Bf4 Qf6 26. Rd2 Bxd6 27. Bxd6
Rxd6 28. Ne4 Rd4 29. Nxf6 Nxf6 30. Qd1 Rad8 31. Rxd4 Rxd4 32. Qb3 c4 33. Qc3
Rf4 1-0

[Event "Petrosian Memorial open 2012 Dimitrovgr"]
[Site " Dimitrovgrad"]
[Date "2012.06.24"]
[Round "5"]
[White "Ishpulaeva, Veronika"]
[Black "Ulanov, Sergei"]
[Result "0-1"]
[WhiteElo "1623"]
[BlackElo "2118"]
[PlyCount "88"]

1. e4 d5 2. exd5 c6 3. dxc6 Nxc6 4. Nf3 e5 5. Bb5 Bd6 6. O-O Nge7 7. Nc3 O-O 8.
Re1 a6 9. Bc4 Bg4 10. Nd5 Ng6 11. h3 Bd7 12. d3 Na5 13. Bg5 Qe8 14. Nb6 Rb8 15.
Nxd7 Qxd7 16. Bb3 Nxb3 17. axb3 f5 18. Bd2 Rbe8 19. Ra5 Bc7 20. Rc5 e4 21. dxe4
fxe4 22. Bb4 Qxd1 23. Rxd1 Bb6 24. Rcd5 exf3 25. Bxf8 Rxf8 26. g3 Rf7 27. Rd6
Bc7 28. Re6 Nf8 29. Re8 g6 30. Re3 Nd7 31. Kh2 Kg7 32. Kg1 Ne5 33. Rde1 Kf6 34.
Rd1 Ke6 35. Re4 h5 36. Kh2 g5 37. Kg1 Kf5 38. Red4 Rf6 39. Rb4 b5 40. Rbd4 Rc6
41. R1d2 Ke6 42. Kh2 h4 43. Kg1 hxg3 44. fxg3 Bb6 0-1

[Event "Petrosian Memorial open 2012 Dimitrovgr"]
[Site " Dimitrovgrad"]
[Date "2012.06.24"]
[Round "5"]
[White "Lebedev, Viktor"]
[Black "Hafijtullin, Gazimbek"]
[Result "0-1"]
[WhiteElo "1719"]
[BlackElo "1770"]
[PlyCount "42"]

1. d4 d5 2. Nf3 g6 3. Bg5 Bg7 4. e3 a6 5. c4 c5 6. Nc3 cxd4 7. exd4 dxc4 8.
Bxc4 Nf6 9. O-O O-O 10. Re1 Nc6 11. h3 b5 12. Bb3 Na5 13. Qe2 Nxb3 14. axb3 Be6
15. b4 Re8 16. Ra5 Qd6 17. Rea1 Qxb4 18. Nxb5 Bc4 19. Qxc4 Qxc4 20. R1a4 Qc2
21. Bf4 Nd5 0-1

[Event "Petrosian Memorial open 2012 Dimitrovgr"]
[Site " Dimitrovgrad"]
[Date "2012.06.24"]
[Round "5"]
[White "Koblik, Ekaterina"]
[Black "Sychov, Vladimir"]
[Result "0-1"]
[WhiteElo "1508"]
[BlackElo "1539"]
[PlyCount "73"]

1. e4 e6 2. d4 Be7 3. Nf3 h6 4. Nc3 Nf6 5. Bd3 O-O 6. O-O Nh7 7. Be3 Bg5 8. Qd2
Bxe3 9. Qxe3 Ng5 10. Nxg5 Qxg5 11. Qxg5 hxg5 12. e5 f6 13. f4 gxf4 14. Rxf4 f5
15. Raf1 g6 16. g4 Kg7 17. g5 Rh8 18. h4 Nc6 19. a3 Ne7 20. Bc4 c6 21. Bd3 b5
22. Ne4 Nd5 23. R4f3 Rxh4 24. Nf6 a5 25. Nxd5 exd5 26. Rf4 Rh5 27. R1f2 Rxg5+
28. Rg2 Rxg2+ 29. Kxg2 Bb7 30. c3 Rh8 31. Be2 Kh6 32. Rh4+ Kg7 33. Rf4 Kf7 34.
b3 Ke6 35. Bf3 g5 36. Bxd5+ cxd5 37. Rf3 0-1

[Event "Petrosian Memorial open 2012 Dimitrovgr"]
[Site " Dimitrovgrad"]
[Date "2012.06.24"]
[Round "6"]
[White "Yakimkin, Igor"]
[Black "Abbasov, Orudj"]
[Result "1-0"]
[WhiteElo "2240"]
[BlackElo "1717"]
[PlyCount "115"]

1. e4 e5 2. Nf3 Nc6 3. d4 exd4 4. Nxd4 Bc5 5. Be3 Qf6 6. c3 Nge7 7. Bc4 O-O 8.
O-O Ne5 9. Be2 Qg6 10. Nd2 d5 11. Bh5 Qb6 12. b4 Bxd4 13. Bxd4 Qe6 14. f4 N5c6
15. f5 Qd7 16. f6 Ng6 17. fxg7 Re8 18. Bxg6 fxg6 19. Qf3 Qe7 20. Qf8+ Rxf8 21.
gxf8=Q+ Qxf8 22. Rxf8+ Kxf8 23. Bc5+ Ne7 24. exd5 b6 25. Bxe7+ Kxe7 26. Re1+
Kf7 27. Ne4 Bf5 28. Ng5+ Kg8 29. Re7 Rd8 30. Nxh7 Rd6 31. c4 c5 32. bxc5 bxc5
33. Ng5 Bd3 34. Ne4 Rd8 35. Nd2 a5 36. Rc7 Re8 37. d6 Re1+ 38. Kf2 Re2+ 39. Kf3
Rxd2 40. Ke3 Rd1 41. d7 Bxc4 42. Rc8+ Kf7 43. d8=Q Rxd8 44. Rxd8 Bxa2 45. Ra8
Bd5 46. Ra7+ Kf6 47. g3 c4 48. Rxa5 Bf7 49. Kf4 Ke6 50. Ke4 Kf6 51. h4 Bg8 52.
Ra6+ Kg7 53. Ke5 Kh6 54. g4 c3 55. Rc6 Bb3 56. Rxc3 Bd1 57. Kf4 Be2 58. Rc7 1-0

[Event "Petrosian Memorial open 2012 Dimitrovgr"]
[Site " Dimitrovgrad"]
[Date "2012.06.24"]
[Round "6"]
[White "Plychek, Viktor"]
[Black "Beldyugin, Alexey"]
[Result "1-0"]
[WhiteElo "1823"]
[BlackElo "2033"]
[PlyCount "115"]

1. f4 d6 2. Nf3 Bg4 3. e4 e5 4. f5 d5 5. Qe2 Bxf3 6. gxf3 Qh4+ 7. Qf2 Qxf2+ 8.
Kxf2 Bc5+ 9. Ke1 Nf6 10. d3 g6 11. Bh3 Nc6 12. c3 Rd8 13. Bg5 Be7 14. Ke2 Nh5
15. Bd2 a6 16. a4 Bf6 17. Na3 Ne7 18. Bg4 Ng7 19. Bh6 gxf5 20. Bxg7 Bxg7 21.
exf5 h5 22. Bh3 Rd6 23. Nc2 Rf6 24. Ne3 Bh6 25. Rhg1 Bxe3 26. Kxe3 Nxf5+ 27.
Bxf5 Rxf5 28. Rg7 Kd7 29. Rag1 Rh6 30. R1g5 Rhf6 31. Rxf5 Rxf5 32. Rh7 Kc6 33.
b4 Kd6 34. Rh6+ f6 35. Rh7 b6 36. Rh8 Kc6 37. Rh7 a5 38. bxa5 bxa5 39. d4 exd4+
40. cxd4 Kb6 41. Rh8 c5 42. Rb8+ Kc7 43. Rb5 cxd4+ 44. Kxd4 Rxf3 45. Rxa5 Rf4+
46. Kc5 Kd7 47. Ra7+ Ke6 48. a5 Rc4+ 49. Kb5 Rc2 50. a6 Rxh2 51. Rh7 f5 52. a7
Ra2 53. Rh6+ Kd7 54. Ra6 Rb2+ 55. Kc5 Rc2+ 56. Kxd5 Rd2+ 57. Ke5 Re2+ 58. Kxf5
1-0

[Event "Petrosian Memorial open 2012 Dimitrovgr"]
[Site " Dimitrovgrad"]
[Date "2012.06.24"]
[Round "6"]
[White "Alyev, Timur"]
[Black "Lazutin, Valerij"]
[Result "0-1"]
[WhiteElo "1747"]
[BlackElo "1975"]
[PlyCount "73"]

1. e4 c6 2. c4 d5 3. cxd5 cxd5 4. exd5 Nf6 5. Qb3 Qxd5 6. Qxd5 Nxd5 7. Nf3 Nc6
8. Bb5 Bd7 9. O-O e6 10. d4 Ndb4 11. Nc3 a6 12. Ba4 b5 13. Bb3 Na5 14. Bd1 Nd3
15. Bc2 Nxc1 16. Raxc1 Rc8 17. Ne5 Nc4 18. Nxd7 Kxd7 19. b3 Nd2 20. Rfd1 Ba3
21. Bd3 Bxc1 22. Rxc1 b4 23. Ne2 Rxc1+ 24. Nxc1 Kd6 25. f3 Kd5 26. Ne2 e5 27.
Kf2 e4 28. fxe4+ Nxe4+ 29. Ke3 Nd6 30. Bxa6 Ra8 31. Nf4+ Kc6 32. d5+ Kb6 33.
Be2 Rxa2 34. Nd3 Nf5+ 35. Kf2 Nd4 36. Nc1 Rb2 37. Ke3 0-1

[Event "Petrosian Memorial open 2012 Dimitrovgr"]
[Site " Dimitrovgrad"]
[Date "2012.06.24"]
[Round "6"]
[White "Akimov, Gennadiy"]
[Black "Skulkin, Nikolay"]
[Result "1-0"]
[WhiteElo "1925"]
[BlackElo "1772"]
[PlyCount "75"]

1. e4 c5 2. Bb5 a6 3. Be2 Nc6 4. f4 d6 5. Nf3 Nf6 6. Nc3 e6 7. O-O b5 8. d3 Qb6
9. Kh1 Bd7 10. e5 dxe5 11. fxe5 Ng4 12. Bf4 c4 13. d4 h5 14. h3 Nh6 15. d5 Ne7
16. Nh4 exd5 17. Nxd5 Nxd5 18. Qxd5 Bc6 19. Qd2 Rd8 20. Qc3 Be7 21. Bxh6 Bxh4
22. Be3 Qb7 23. Bf3 O-O 24. Bf4 g5 25. Bh2 g4 26. Bxc6 Qxc6 27. hxg4 hxg4 28.
Rf4 Qg6 29. Raf1 Qg5 30. g3 Qg6 31. gxh4 Qc6+ 32. Kg1 Qc5+ 33. R4f2 b4 34. Qg3
Rd4 35. Qe3 Kh7 36. Rxf7+ Rxf7 37. Rxf7+ Kg8 38. Rf1 1-0

[Event "Petrosian Memorial open 2012 Dimitrovgr"]
[Site " Dimitrovgrad"]
[Date "2012.06.24"]
[Round "6"]
[White "Elkina, Yuliya"]
[Black "Bezvitelnov, Dmitriy"]
[Result "1-0"]
[WhiteElo "1605"]
[BlackElo "1796"]
[PlyCount "53"]

1. f4 d5 2. Nf3 Nc6 3. b3 Nf6 4. Bb2 g6 5. e3 Bg7 6. Bb5 O-O 7. Bxc6 bxc6 8.
O-O Ba6 9. d3 Nd7 10. Bxg7 Kxg7 11. Nc3 Re8 12. e4 dxe4 13. Nxe4 f5 14. Nc3 e5
15. fxe5 Nxe5 16. Ne2 Qf6 17. Nxe5 Rxe5 18. Ng3 Rae8 19. Qd2 Qe7 20. Qc3 Qf6
21. a4 c5 22. Rad1 h5 23. Rd2 h4 24. Nh1 h3 25. Ng3 hxg2 26. Rxg2 Bb7 27. Nh5+
1-0

[Event "Petrosian Memorial open 2012 Dimitrovgr"]
[Site " Dimitrovgrad"]
[Date "2012.06.24"]
[Round "6"]
[White "Ulanov, Sergei"]
[Black "Sychov, Vladimir"]
[Result "1-0"]
[WhiteElo "2118"]
[BlackElo "1539"]
[PlyCount "43"]

1. e4 e6 2. d4 Be7 3. Nc3 Bb4 4. Bd3 h6 5. Qg4 g6 6. Nge2 d6 7. Qg3 Nf6 8. a3
Bxc3+ 9. Nxc3 a6 10. e5 Nh5 11. Qg4 Ng7 12. Ne4 Nf5 13. Nf6+ Kf8 14. Bxf5 exf5
15. Qh4 Kg7 16. Bxh6+ Rxh6 17. Nh5+ Rxh5 18. Qxd8 Bd7 19. Qxc7 dxe5 20. dxe5
Bc6 21. e6 Be8 22. Qxb7 1-0

[Event "Petrosian Memorial open 2012 Dimitrovgr"]
[Site " Dimitrovgrad"]
[Date "2012.06.24"]
[Round "6"]
[White "Hafijtullin, Gazimbek"]
[Black "Ishpulaeva, Veronika"]
[Result "1/2-1/2"]
[WhiteElo "1770"]
[BlackElo "1623"]
[PlyCount "98"]

1. e4 c5 2. c4 d6 3. Nc3 g6 4. g3 Bg7 5. Nge2 Nf6 6. Bg2 O-O 7. O-O Nc6 8. f4
a6 9. a4 Qc7 10. h3 Nb4 11. d3 Rb8 12. Rb1 b6 13. g4 Bb7 14. Ng3 Nd7 15. Nce2
Ba8 16. Nc3 Nc6 17. Nd5 Qb7 18. Ne2 e6 19. Ndc3 Nd4 20. Rf2 Qc7 21. Be3 Bc6 22.
b4 Nxe2+ 23. Nxe2 b5 24. bxc5 Nxc5 25. axb5 axb5 26. cxb5 Bxb5 27. Rc1 Qb6 28.
Nc3 Rfc8 29. Rb2 Qa6 30. Rxb5 Rxb5 31. Nxb5 Qxb5 32. d4 h6 33. dxc5 dxc5 34.
Bf1 Qc6 35. Rc4 Qb7 36. Rc1 Qc6 37. Rxc5 Qb7 38. Rxc8+ Qxc8 39. e5 Qc3 40. Qd2
Qc6 41. Bg2 Qc7 42. h4 Bf8 43. Be4 Kh7 44. h5 Kg7 45. hxg6 fxg6 46. Qd3 Qe7 47.
Bxg6 Qh4 48. Bh5 Qg3+ 49. Kf1 Qf3+ 1/2-1/2

[Event "Petrosian Memorial open 2012 Dimitrovgr"]
[Site " Dimitrovgrad"]
[Date "2012.06.24"]
[Round "6"]
[White "Guliev, Fahrutdin"]
[Black "Lebedev, Viktor"]
[Result "0-1"]
[WhiteElo "1783"]
[BlackElo "1719"]
[PlyCount "50"]

1. d4 d5 2. c4 dxc4 3. e4 Nf6 4. Nc3 c6 5. Bxc4 e6 6. a3 Be7 7. Nf3 O-O 8. O-O
b6 9. Bb3 Bb7 10. Re1 Qc7 11. e5 Nd5 12. Nxd5 cxd5 13. Bg5 Nc6 14. Rc1 Bxg5 15.
Nxg5 Qd7 16. Qd3 g6 17. Ba4 Rac8 18. Bd1 Qe7 19. Nf3 Nxe5 20. Rxc8 Nxd3 21.
Rxf8+ Kxf8 22. Re2 Nf4 23. Rc2 Nh5 24. h3 Nf6 25. Ne5 Kg7 0-1

[Event "Petrosian Memorial open 2012 Dimitrovgr"]
[Site " Dimitrovgrad"]
[Date "2012.06.30"]
[Round "7"]
[White "Ulanov, Sergei"]
[Black "Yakimkin, Igor"]
[Result "0-1"]
[WhiteElo "2118"]
[BlackElo "2240"]
[PlyCount "68"]

1. d4 Nf6 2. Nf3 g6 3. Nbd2 d5 4. e3 Bg7 5. b4 O-O 6. c4 c6 7. a4 a5 8. b5 Bf5
9. Bb2 Nbd7 10. Nh4 Bg4 11. f3 Be6 12. Bd3 dxc4 13. Nxc4 Nd5 14. g4 Nb4 15. Ng2
Bxc4 16. Bxc4 e5 17. O-O Nb6 18. Bb3 cxb5 19. dxe5 bxa4 20. Bxa4 Nc4 21. Qe2
Nxe5 22. Rad1 Qc8 23. Ba3 Qc3 24. Bxb4 Qxb4 25. Qa2 b5 26. Bb3 a4 27. Bd5 Ra7
28. Rb1 Qa5 29. Qe2 b4 30. e4 Nd7 31. Ne3 Nb6 32. Kg2 Nxd5 33. Nxd5 b3 34. g5
a3 0-1